[Event "Malta-Open 2013"]
[Site "Bugibba"]
[Date "2013.11.19"]
[Round "2.1"]
[White "Burton, Graham"]
[Black "Teske, Henrik"]
[Result "0-1"]
[WhiteElo "2056"]
[BlackElo "2540"]
[Annotator "chessorg"]
[PlyCount "72"]
[EventDate "2013.??.??"]
[WhiteTeam "0"]
[BlackTeam "0"]

1. e4 c5 2. Nf3 e6 3. d4 cxd4 4. Nxd4 a6 5. Nc3 b5 6. Bd3 Bb7 7. O-O Ne7 8. Qe2
Nbc6 9. Nb3 Ng6 10. Be3 d6 11. f4 Be7 12. f5 Nge5 13. fxe6 fxe6 14. Nd4 Nxd4
15. Bxd4 Bf6 16. Bxe5 Bxe5 17. Qg4 Qd7 18. Rf3 Rf8 19. Rxf8+ Kxf8 20. a4 b4 21.
Nd5 Bxb2 22. Rb1 Bd4+ 23. Kh1 a5 24. Bb5 Qf7 25. Rf1 Bf6 26. Nxf6 gxf6 27. Bc4
Ke7 28. Rd1 Rc8 29. Bb3 Rc5 30. Qg3 Rc6 31. Qe3 Qh5 32. Rf1 Rc5 33. h3 Qg5 34.
Qd3 Rc3 35. Qd4 Qe5 36. Qf2 Bxe4 0-1

[Event "Malta-Open 2013"]
[Site "Bugibba"]
[Date "2013.11.19"]
[Round "2.3"]
[White "Zerafa, Patrick"]
[Black "Raetsky, Alexander"]
[Result "0-1"]
[WhiteElo "2052"]
[BlackElo "2424"]
[Annotator "chessorg"]
[PlyCount "130"]
[EventDate "2013.??.??"]
[WhiteTeam "0"]
[BlackTeam "0"]

1. d4 d5 2. c4 dxc4 3. Nf3 a6 4. e3 Bg4 5. Bxc4 e6 6. Nc3 Nf6 7. h3 Bh5 8. O-O
Nc6 9. Be2 Bd6 10. a3 O-O 11. b4 Qe8 12. Bb2 Rd8 13. Qb3 e5 14. Rad1 e4 15. Nd2
Bxe2 16. Nxe2 Nd5 17. Nc3 Nxc3 18. Bxc3 Qe7 19. Qc4 Rfe8 20. f4 exf3 21. Rxf3
Kh8 22. Rdf1 f6 23. e4 Rf8 24. g4 Qe8 25. a4 Bxb4 26. d5 Bxc3 27. Rxc3 Ne5 28.
Qb4 c6 29. Qxb7 cxd5 30. Qxa6 dxe4 31. Nxe4 Nxg4 32. Qc6 Qxc6 33. Rxc6 Ne5 34.
Rc7 Ra8 35. Ra1 Ra5 36. Nd6 h5 37. Nb7 Ra7 38. a5 Kh7 39. Rb1 Rb8 40. Rb5 Kh6
41. Nd6 Rxc7 42. Rxb8 Rc1+ 43. Kg2 Ra1 44. Ra8 Kg5 45. a6 Ra2+ 46. Kf1 Kf4 47.
Ke1 Nf3+ 48. Kf1 g6 49. a7 f5 50. Rg8 Rxa7 51. Rxg6 Ra1+ 52. Kf2 Ra2+ 53. Kf1
Nd4 54. Rh6 Kf3 55. Ke1 Ke3 56. Nc4+ Kf3 57. Ne5+ Ke4 58. Nc4 Rc2 59. Nd6+ Ke3
60. Kf1 Rf2+ 61. Ke1 Rh2 62. Nc4+ Kf3 63. Ne5+ Ke4 64. Nf7 Ke3 65. Kd1 Rh1# 0-1

[Event "Malta-Open 2013"]
[Site "Bugibba"]
[Date "2013.11.19"]
[Round "2.5"]
[White "Dragnev, Valentin"]
[Black "Vogt, Lothar"]
[Result "0-1"]
[WhiteElo "2044"]
[BlackElo "2398"]
[Annotator "chessorg"]
[PlyCount "54"]
[EventDate "2013.??.??"]
[WhiteTeam "0"]
[BlackTeam "0"]

1. e4 c5 2. Nf3 d6 3. d4 cxd4 4. Nxd4 Nf6 5. Nc3 e6 6. g4 h6 7. h3 Nc6 8. Be3
a6 9. Bg2 Bd7 10. f4 Be7 11. Qe2 Qc7 12. Nb3 b5 13. O-O-O Rb8 14. Rhe1 O-O 15.
e5 dxe5 16. g5 Nh7 17. gxh6 exf4 18. hxg7 Rfd8 19. Qh5 fxe3 20. Be4 f5 21. Nd5
Qe5 22. Rxe3 Bg5 23. Rg1 Bxe3+ 24. Nxe3 Qxe4 25. Qh6 Ne5 26. Nc5 Nf7 27. Ng4
Qxg4 0-1

[Event "Malta-Open 2013"]
[Site "Bugibba"]
[Date "2013.11.19"]
[Round "3.1"]
[White "Teske, Henrik"]
[Black "Lasinskas, Povilas"]
[Result "1/2-1/2"]
[WhiteElo "2540"]
[BlackElo "2201"]
[Annotator "chessorg"]
[PlyCount "92"]
[EventDate "2013.??.??"]
[WhiteTeam "0"]
[BlackTeam "0"]

1. Nf3 Nf6 2. c4 g6 3. Nc3 d5 4. d4 Bg7 5. Bf4 dxc4 6. e3 Nd5 7. Bxc4 Nxf4 8.
exf4 O-O 9. O-O Bg4 10. h3 Bxf3 11. Qxf3 Nc6 12. d5 Nd4 13. Qe4 c5 14. dxc6
bxc6 15. Rac1 e6 16. Rfd1 Qb6 17. Na4 Qa5 18. b3 Rad8 19. Bf1 Rd5 20. Qe1 Qc7
21. Qe4 Rfd8 22. Bc4 R5d6 23. g3 Qa5 24. Kg2 Qh5 25. Rd3 h6 26. Rcd1 Qa5 27.
Kf1 Qb4 28. Qe3 Kh7 29. Qd2 Qa3 30. Qb2 Qb4 31. Qd2 Qb8 32. Nc5 Nf5 33. Qa5 Nd4
34. Ne4 R6d7 35. Nc5 Re7 36. Na6 Qb6 37. Qc5 Red7 38. a4 Bf8 39. Qe5 c5 40. Re1
f5 41. Kg1 Qb7 42. Nxc5 Bxc5 43. Qxc5 Nf3+ 44. Rxf3 Qxf3 45. Bxe6 Re8 46. Kh2
Rd2 1/2-1/2

[Event "Malta-Open 2013"]
[Site "Bugibba"]
[Date "2013.11.19"]
[Round "3.3"]
[White "Raetsky, Alexander"]
[Black "Groffen, Hans"]
[Result "1-0"]
[WhiteElo "2424"]
[BlackElo "2174"]
[Annotator "chessorg"]
[PlyCount "39"]
[EventDate "2013.??.??"]
[WhiteTeam "0"]
[BlackTeam "0"]

1. e4 e6 2. d4 d5 3. Nc3 Nf6 4. Bg5 Be7 5. e5 Nfd7 6. h4 h6 7. Bxe7 Qxe7 8. f4
a6 9. Nf3 c5 10. Qd2 Nc6 11. dxc5 Nxc5 12. O-O-O O-O 13. f5 Ne4 14. Nxe4 dxe4
15. f6 gxf6 16. Qxh6 f5 17. Rh3 f4 18. Qxf4 f5 19. exf6 Qxf6 20. Rg3+ 1-0

[Event "Malta-Open 2013"]
[Site "Bugibba"]
[Date "2013.11.19"]
[Round "3.7"]
[White "Amato, Andrea"]
[Black "Makepeace, Philip"]
[Result "1-0"]
[WhiteElo "2319"]
[BlackElo "2094"]
[Annotator "chessorg"]
[PlyCount "51"]
[EventDate "2013.??.??"]
[WhiteTeam "0"]
[BlackTeam "0"]

1. d4 d5 2. Nf3 e6 3. g3 Nf6 4. Bg2 Be7 5. O-O O-O 6. c4 c6 7. Nc3 Nbd7 8. Qc2
Re8 9. Bf4 dxc4 10. Rad1 Nd5 11. Ne5 Nxe5 12. dxe5 Qa5 13. Be4 g6 14. Qc1 b5
15. Bb1 Nxc3 16. bxc3 Rb8 17. h4 b4 18. cxb4 Qb5 19. Bd2 Qa4 20. Bg5 Rb7 21.
Bxe7 Rbxe7 22. Rd4 Ba6 23. h5 Qa5 24. Qg5 f6 25. Qxf6 gxh5 26. Bg6 1-0

[Event "Malta-Open 2013"]
[Site "Bugibba"]
[Date "2013.11.19"]
[Round "4.1"]
[White "Haag, Martin"]
[Black "Raetsky, Alexander"]
[Result "0-1"]
[WhiteElo "2301"]
[BlackElo "2424"]
[Annotator "chessorg"]
[PlyCount "78"]
[EventDate "2013.??.??"]
[WhiteTeam "0"]
[BlackTeam "0"]

1. c4 e5 2. g3 c6 3. d4 e4 4. Nc3 d5 5. Bg2 Nf6 6. Bg5 Nbd7 7. cxd5 cxd5 8. f3
Bb4 9. Rc1 O-O 10. a3 Bxc3+ 11. Rxc3 Re8 12. Nh3 h6 13. Bxf6 Nxf6 14. O-O Bf5
15. Nf2 Qb6 16. Rb3 Qa6 17. Qd2 Rac8 18. Nd1 exf3 19. Bxf3 Be4 20. Rc3 Rc4 21.
Rxc4 Qxc4 22. Nc3 Bxf3 23. exf3 b5 24. Rc1 a5 25. Ne4 Nxe4 26. fxe4 Qb3 27. e5
b4 28. axb4 axb4 29. Rc7 Ra8 30. Qf2 Rf8 31. Kg2 Qd3 32. Kh3 $6 f6 33. e6 Qe4
34. e7 Re8 35. Qg2 Qe6+ 36. g4 h5 37. Rc5 Qe3+ 38. Kh4 g5+ 39. Kxh5 Kg7 0-1

[Event "Malta-Open 2013"]
[Site "Bugibba"]
[Date "2013.11.19"]
[Round "4.3"]
[White "Angskog, Kent"]
[Black "Hajnal, Zoltan"]
[Result "0-1"]
[WhiteElo "2266"]
[BlackElo "2359"]
[Annotator "chessorg"]
[PlyCount "56"]
[EventDate "2013.??.??"]
[WhiteTeam "0"]
[BlackTeam "0"]

1. Nf3 d5 2. g3 Nf6 3. Bg2 c6 4. O-O Bf5 5. d3 h6 6. Nbd2 e6 7. Re1 Be7 8. b3
O-O 9. Bb2 a5 10. a3 Bh7 11. e4 Nbd7 12. Qe2 Qb6 13. Rab1 Rfc8 14. Ne5 Nxe5 15.
Bxe5 Nd7 16. Bb2 Bf6 17. Bxf6 Nxf6 18. Rec1 Rd8 19. exd5 cxd5 20. b4 axb4 21.
Rxb4 Qc7 22. a4 Qc6 23. Nf3 Rxa4 24. Ne5 Qa6 25. Rxa4 Qxa4 26. Rb1 Nd7 27. Rxb7
Qa1+ 28. Bf1 Nxe5 0-1

[Event "Malta-Open 2013"]
[Site "Bugibba"]
[Date "2013.11.19"]
[Round "4.6"]
[White "Roig Aguilar, Alejandro"]
[Black "Teske, Henrik"]
[Result "0-1"]
[WhiteElo "2198"]
[BlackElo "2540"]
[Annotator "chessorg"]
[PlyCount "98"]
[EventDate "2013.??.??"]
[WhiteTeam "0"]
[BlackTeam "0"]

1. d4 d5 2. c4 dxc4 3. Nf3 Nf6 4. e3 Be6 5. Na3 Bd5 6. Nxc4 e6 7. Bd3 c5 8. O-O
Nc6 9. Nce5 Nxe5 10. Nxe5 a6 11. dxc5 Bxc5 12. Qa4+ Bc6 13. Nxc6 Qxd3 14. Nb4+
Qb5 15. Qxb5+ axb5 16. Nd3 Bd6 17. Rd1 Ke7 18. b3 Rhc8 19. Bb2 g6 20. Bxf6+
Kxf6 21. Ne1 Be5 22. Rac1 Rxc1 23. Rxc1 Rxa2 24. Nd3 Ra3 25. Rb1 b6 26. f4 Bc3
27. Kf2 e5 28. Kf3 Ke6 29. fxe5 Bxe5 30. Nxe5 Kxe5 31. Rc1 Rxb3 32. Rc6 f5 33.
g3 g5 34. Rxb6 h5 35. h4 gxh4 36. gxh4 f4 37. Rh6 Rxe3+ 38. Kf2 b4 39. Rxh5+
Ke4 40. Rb5 b3 41. h5 Kd4 42. Rb4+ Kc3 43. Rxf4 Re5 44. Rh4 b2 45. Rh1 Ra5 46.
h6 Ra2 47. Rb1 Kc2 48. h7 Ra8 49. Rh1 Rh8 0-1

[Event "Malta-Open 2013"]
[Site "Bugibba"]
[Date "2013.11.19"]
[Round "4.7"]
[White "Ekstroem, Roland"]
[Black "Ask, Josef"]
[Result "1/2-1/2"]
[WhiteElo "2413"]
[BlackElo "2184"]
[Annotator "chessorg"]
[PlyCount "55"]
[EventDate "2013.??.??"]
[WhiteTeam "0"]
[BlackTeam "0"]

1. e4 e5 2. Nf3 Nc6 3. Bb5 Nge7 4. O-O Ng6 5. c3 a6 6. Bc4 Be7 7. d4 d6 8. Be3
O-O 9. Nbd2 Kh8 10. Re1 f5 11. exf5 Bxf5 12. Bd5 exd4 13. cxd4 Bd7 14. a3 Nf4
15. Bc4 Bg4 16. g3 Nh3+ 17. Kg2 Ng5 18. Be2 Nxf3 19. Bxf3 Bxf3+ 20. Nxf3 Bf6
21. Qb3 Qd7 22. Rac1 Rab8 23. d5 Qf7 24. Qd1 Ne5 25. Nxe5 Bxe5 26. Rc2 Rbe8 27.
f4 Bf6 28. Rce2 1/2-1/2

[Event "Malta-Open 2013"]
[Site "Bugibba"]
[Date "2013.11.20"]
[Round "5.1"]
[White "Raetsky, Alexander"]
[Black "Hajnal, Zoltan"]
[Result "1/2-1/2"]
[WhiteElo "2424"]
[BlackElo "2359"]
[Annotator "chessorg"]
[PlyCount "38"]
[EventDate "2013.??.??"]
[WhiteTeam "0"]
[BlackTeam "0"]

1. c4 c6 2. e4 d5 3. exd5 Nf6 4. Nc3 cxd5 5. cxd5 Nxd5 6. Bc4 Nb6 7. Bb3 g6 8.
Qf3 e6 9. Nge2 Nc6 10. d4 Bg7 11. Be3 Nb4 12. Rd1 Bd7 13. O-O Bc6 14. d5 N4xd5
15. Nxd5 Nxd5 16. Nf4 O-O 17. Nxd5 exd5 18. Bxd5 Qa5 19. Bxc6 bxc6 1/2-1/2

[Event "Malta-Open 2013"]
[Site "Bugibba"]
[Date "2013.11.20"]
[Round "5.3"]
[White "Karlsson, Joergen"]
[Black "Heberla, Bartlomiej"]
[Result "0-1"]
[WhiteElo "2144"]
[BlackElo "2556"]
[Annotator "chessorg"]
[PlyCount "54"]
[EventDate "2013.??.??"]
[WhiteTeam "0"]
[BlackTeam "0"]

1. Nc3 d5 2. d4 Nf6 3. g3 c5 4. Bg2 cxd4 5. Qxd4 Nc6 6. Qd3 d4 7. Ne4 Nxe4 8.
Bxe4 f5 9. Bxc6+ bxc6 10. Nf3 e5 11. Qc4 Qd6 12. Nxe5 Be6 13. Qa4 Qxe5 14.
Qxc6+ Kf7 15. Bf4 Qd5 16. Qxd5 Bxd5 17. O-O Bc5 18. Rfc1 Rhe8 19. c4 dxc3 20.
Rxc3 Bb6 21. Kf1 Rac8 22. Rac1 Rxc3 23. Rxc3 Bxa2 24. b3 Rd8 25. Be3 Bxe3 26.
Rc7+ Ke6 27. fxe3 Rd7 0-1

[Event "Malta-Open 2013"]
[Site "Bugibba"]
[Date "2013.11.20"]
[Round "5.4"]
[White "Teske, Henrik"]
[Black "Nuri, Kambez"]
[Result "0-1"]
[WhiteElo "2540"]
[BlackElo "2297"]
[Annotator "chessorg"]
[PlyCount "102"]
[EventDate "2013.??.??"]
[WhiteTeam "0"]
[BlackTeam "0"]

1. Nf3 Nf6 2. c4 g6 3. Nc3 Bg7 4. d4 O-O 5. e4 d6 6. Be2 Nbd7 7. O-O e5 8. Be3
Re8 9. d5 Nh5 10. g3 Bf8 11. b4 Ng7 12. Rc1 f5 13. c5 dxc5 14. Bg5 Be7 15. Bxe7
Qxe7 16. Nb5 fxe4 17. Bc4 Kh8 18. Nd2 Nf6 19. bxc5 Nf5 20. Nb3 Rd8 21. Qd2 Be6
22. Qa5 b6 23. Qa4 Nxd5 24. Bxd5 Bxd5 25. Nc3 Bxb3 26. axb3 Nd4 27. Kg2 Qf7 28.
cxb6 axb6 29. Qc4 Qf3+ 30. Kg1 Rf8 31. Qd5 Rae8 32. Qxe4 Qxe4 33. Nxe4 Ne2+ 34.
Kg2 Nxc1 35. Rxc1 c5 36. Nd6 Ra8 37. Rc2 Ra3 38. Rb2 Rfa8 39. b4 Ra2 40. Rb3
Rf8 41. bxc5 Raxf2+ 42. Kh3 bxc5 43. Rb5 Rd2 44. Ne4 Rd4 45. Ng5 h6 46. Ne6 Rc8
47. Nxd4 exd4 48. Kg2 c4 49. Kf3 c3 50. Rb1 d3 51. Ke3 Rd8 0-1

[Event "Malta-Open 2013"]
[Site "Bugibba"]
[Date "2013.11.20"]
[Round "5.9"]
[White "Jicman, Ligia Letetia"]
[Black "Mede, Istvan"]
[Result "1-0"]
[WhiteElo "2173"]
[BlackElo "2302"]
[Annotator "chessorg"]
[PlyCount "71"]
[EventDate "2013.??.??"]
[WhiteTeam "0"]
[BlackTeam "0"]

1. e4 c5 2. c3 Nf6 3. e5 Nd5 4. d4 cxd4 5. Nf3 Nc6 6. cxd4 d6 7. a3 g6 8. exd6
Qxd6 9. Nc3 Bg7 10. Be2 O-O 11. O-O Nf4 12. Bc4 Bg4 13. Nb5 Qf6 14. h3 Nxh3+
15. Kh2 a6 16. Nc3 Qd6+ 17. Kh1 Nxd4 18. Be2 Nxe2 19. Qxe2 Bxc3 20. bxc3 Qd5
21. Qe3 Qh5 22. Nh2 Rad8 23. gxh3 Bxh3 24. Re1 Bd7 25. Kg1 Bc6 26. Qg5 Qh3 27.
Qg3 Qf5 28. Ng4 Qh5 29. f3 Qc5+ 30. Qf2 Qh5 31. Bh6 Rd3 32. Rxe7 Qf5 33. Be3
Kh8 34. Bd4+ f6 35. Qh4 g5 36. Qh6 1-0

[Event "Malta-Open 2013"]
[Site "Bugibba"]
[Date "2013.11.20"]
[Round "6.1"]
[White "Heberla, Bartlomiej"]
[Black "Amato, Andrea"]
[Result "1-0"]
[WhiteElo "2556"]
[BlackElo "2319"]
[Annotator "chessorg"]
[PlyCount "61"]
[EventDate "2013.??.??"]
[WhiteTeam "0"]
[BlackTeam "0"]

1. c4 c5 2. Nc3 d6 3. g3 Nc6 4. Bg2 g6 5. a3 Bg7 6. Rb1 a5 7. e3 e5 8. Nge2
Nge7 9. O-O h5 10. Nd5 h4 11. Nec3 f5 12. d3 Be6 13. Bd2 hxg3 14. hxg3 Kf7 15.
b4 axb4 16. axb4 Nxb4 17. Nxb4 cxb4 18. Rxb4 Qg8 19. Qf3 Qh7 20. Rfb1 Ra3 21.
Rxb7 Qh2+ 22. Kf1 Rxc3 23. Rxe7+ Kxe7 24. Rb7+ Kf6 25. Bxc3 Rc8 26. Qe2 Bh6 27.
Rb6 Bf8 28. Qb2 Kg5 29. Bxe5 dxe5 30. Qxe5 Rxc4 31. Qxe6 1-0

[Event "Malta-Open 2013"]
[Site "Bugibba"]
[Date "2013.11.20"]
[Round "6.4"]
[White "Peek, Marcel"]
[Black "Ask, Josef"]
[Result "1-0"]
[WhiteElo "2361"]
[BlackElo "2184"]
[Annotator "chessorg"]
[PlyCount "75"]
[EventDate "2013.??.??"]
[WhiteTeam "0"]
[BlackTeam "0"]

1. d4 d5 2. c4 c6 3. Nf3 Nf6 4. Nc3 e6 5. Bg5 dxc4 6. e4 b5 7. e5 h6 8. Bh4 g5
9. exf6 gxh4 10. Ne5 Qxf6 11. a4 Bb4 12. Be2 a5 13. O-O Bd7 14. Re1 O-O 15. Bf3
Ra7 16. Re4 Rd8 17. Qc1 Be8 18. Ng4 Qh8 19. Nxh6+ Kf8 20. Rg4 Rxd4 21. Rg8+
Qxg8 22. Nxg8 Kxg8 23. Qg5+ Kf8 24. Qe5 Rd8 25. Qh8+ Ke7 26. Qxh4+ f6 27. axb5
cxb5 28. Nxb5 Rad7 29. Qxc4 Rd2 30. h4 Rxb2 31. h5 Nd7 32. Nd4 Nc5 33. Rxa5
Rb1+ 34. Kh2 Bxa5 35. Qxc5+ Rd6 36. Qa7+ Rd7 37. Nc6+ Kf7 38. Qxa5 1-0

[Event "Malta-Open 2013"]
[Site "Bugibba"]
[Date "2013.11.20"]
[Round "6.7"]
[White "Nielsen, Rogvi Egilstoft"]
[Black "Jicman, Ligia Letetia"]
[Result "1-0"]
[WhiteElo "2243"]
[BlackElo "2173"]
[Annotator "chessorg"]
[PlyCount "55"]
[EventDate "2013.??.??"]
[WhiteTeam "0"]
[BlackTeam "0"]

1. e4 c5 2. c3 g6 3. d4 Bg7 4. dxc5 Na6 5. Be3 Qc7 6. Bxa6 bxa6 7. Ne2 Qb7 8.
Qc2 Nf6 9. f3 O-O 10. O-O a5 11. Rd1 Ne8 12. Na3 Nc7 13. Kh1 Ne6 14. Nf4 Nxf4
15. Bxf4 Qc6 16. Be3 Rb8 17. Rd5 Ba6 18. Rad1 Rfd8 19. Qd2 Rb7 20. b3 Qc8 21.
c4 Qc7 22. Bf4 Qc6 23. Qxa5 Rc8 24. Nc2 h6 25. Nb4 Rxb4 26. Qxb4 g5 27. Bg3 Rd8
28. Qa5 1-0

[Event "Malta-Open 2013"]
[Site "Bugibba"]
[Date "2013.11.22"]
[Round "7.1"]
[White "Raetsky, Alexander"]
[Black "Heberla, Bartlomiej"]
[Result "1/2-1/2"]
[WhiteElo "2424"]
[BlackElo "2556"]
[Annotator "chessorg"]
[PlyCount "23"]
[EventDate "2013.??.??"]

1. d4 d5 2. c4 c6 3. Nf3 Nf6 4. Qc2 g6 5. Bf4 Bg7 6. e3 O-O 7. Nc3 Bf5 8. Qb3
Qb6 9. c5 Qxb3 10. axb3 Nbd7 11. h3 h6 12. b4 1/2-1/2

[Event "Malta-Open 2013"]
[Site "Bugibba"]
[Date "2013.11.22"]
[Round "7.2"]
[White "Nuri, Kambez"]
[Black "Peek, Marcel"]
[Result "1/2-1/2"]
[WhiteElo "2297"]
[BlackElo "2361"]
[Annotator "chessorg"]
[PlyCount "45"]
[EventDate "2013.??.??"]

1. e4 c5 2. Nf3 Nc6 3. d4 cxd4 4. Nxd4 Nf6 5. Nc3 e5 6. Ndb5 d6 7. Bg5 a6 8.
Na3 b5 9. Nd5 Be7 10. Bxf6 Bxf6 11. c4 b4 12. Nc2 a5 13. g3 O-O 14. h4 a4 15.
Ndxb4 Nxb4 16. Nxb4 Qb6 17. a3 Be6 18. Rc1 Rfc8 19. Be2 Bd8 20. O-O Rc5 21. Rc3
Qb8 22. Qc2 Bb6 23. b3 1/2-1/2

[Event "Malta-Open 2013"]
[Site "Bugibba"]
[Date "2013.11.22"]
[Round "7.7"]
[White "Lasinskas, Povilas"]
[Black "Ekstroem, Roland"]
[Result "1/2-1/2"]
[WhiteElo "2201"]
[BlackElo "2413"]
[Annotator "chessorg"]
[PlyCount "83"]
[EventDate "2013.??.??"]

1. d4 f5 2. c4 Nf6 3. Nc3 e6 4. e3 Bb4 5. Bd3 O-O 6. Nge2 b6 7. O-O Bb7 8. f3
Nc6 9. Qc2 Ne7 10. e4 fxe4 11. fxe4 e5 12. Bg5 Ng6 13. Nd5 Be7 14. Nxf6+ Bxf6
15. Bxf6 Rxf6 16. c5 exd4 17. Qc4+ Kh8 18. Qxd4 Qe7 19. Rxf6 bxc5 20. Rf7 Qxf7
21. Qxc5 d6 22. Qb4 c5 23. Qb5 Ne5 24. Rf1 Qe7 25. Ng3 g6 26. Bc2 Kg7 27. h3
Rf8 28. Rxf8 Kxf8 29. Bb3 Kg7 30. Qa5 Nc6 31. Qc3+ Nd4 32. Bd5 Bxd5 33. exd5
Qe5 34. Qa3 a5 35. Nf1 Qe1 36. Qe3 Ne2+ 37. Kh2 Qxf1 38. Qe7+ Kg8 39. Qe8+ Kg7
40. Qe7+ Kg8 41. Qe8+ Kg7 42. Qe7+ 1/2-1/2

[Event "Malta-Open 2013"]
[Site "Bugibba"]
[Date "2013.11.22"]
[Round "7.55"]
[White "Ottesen, Soren"]
[Black "Opasiak, Dustin"]
[Result "1-0"]
[WhiteElo "1739"]
[BlackElo "1808"]
[Annotator "chessorg"]
[PlyCount "49"]
[EventDate "2013.??.??"]

1. e4 e6 2. d4 d5 3. Nc3 Nf6 4. e5 Nfd7 5. f4 c5 6. Be3 Nc6 7. Nf3 cxd4 8. Nxd4
a6 9. Qd2 Be7 10. a3 Nxd4 11. Bxd4 f6 12. O-O-O fxe5 13. fxe5 O-O 14. Kb1 Qc7
15. Qe3 b5 16. Bd3 Rf7 17. Nxd5 Qb8 18. Nxe7+ Rxe7 19. Qg5 Rf7 20. Rhf1 Rxf1
21. Rxf1 Bb7 22. Qh5 Nf8 23. Bc5 Bxg2 24. Rxf8+ Qxf8 25. Bxf8 1-0

[Event "Malta-Open 2013"]
[Site "Bugibba"]
[Date "2013.11.22"]
[Round "8.1"]
[White "Andreasson, Ingvar"]
[Black "Heberla, Bartlomiej"]
[Result "0-1"]
[WhiteElo "2335"]
[BlackElo "2556"]
[Annotator "chessorg"]
[PlyCount "76"]
[EventDate "2013.??.??"]

1. e4 c5 2. Nf3 e6 3. d3 Nc6 4. Nbd2 g6 5. g3 Bg7 6. Bg2 Nge7 7. O-O O-O 8. c3
d6 9. a3 Rb8 10. Nh4 f5 11. exf5 gxf5 12. Ndf3 e5 13. b4 h6 14. Rb1 Be6 15. b5
Na5 16. Re1 c4 17. Nd4 Bd7 18. Nc2 cxd3 19. Qxd3 Be6 20. Be3 Nc4 21. Bxa7 Ra8
22. Nd4 Bf7 23. Ndxf5 Rxa7 24. Nxg7 Kxg7 25. Re4 Qc8 26. h3 Be6 27. Rb4 d5 28.
Rbxc4 dxe4 29. Rxe4 Qc5 30. Qe2 Rxa3 31. Bf3 Ra1+ 32. Kg2 Ra2 33. Qe1 Ng6 34.
Nxg6 Kxg6 35. c4 Kg7 36. Be2 Rxf2+ 37. Qxf2 Bxh3+ 38. Kf3 Ra3+ 0-1

[Event "Malta-Open 2013"]
[Site "Bugibba"]
[Date "2013.11.22"]
[Round "8.2"]
[White "Duncan, Chris"]
[Black "Teske, Henrik"]
[Result "0-1"]
[WhiteElo "2322"]
[BlackElo "2540"]
[Annotator "chessorg"]
[PlyCount "110"]
[EventDate "2013.??.??"]

1. Nf3 Nf6 2. c4 g6 3. Nc3 Bg7 4. e4 O-O 5. d4 d6 6. Be2 Nbd7 7. O-O e5 8. Be3
h6 9. Qc1 Ng4 10. dxe5 Nxe3 11. Qxe3 dxe5 12. Rfd1 c6 13. Rab1 Qb6 14. Qd2 a5
15. Na4 Qb4 16. b3 Re8 17. Ne1 Bf8 18. Qc2 Nc5 19. Nxc5 Bxc5 20. Nd3 Qb6 21.
Nxc5 Qxc5 22. Qd2 Kg7 23. Qd6 Qxd6 24. Rxd6 Be6 25. a3 Kf8 26. f3 Red8 27. Rbd1
Rxd6 28. Rxd6 Ke7 29. Rd2 f5 30. Kf2 f4 31. g4 fxg3+ 32. hxg3 g5 33. Rd1 h5 34.
Rh1 Rh8 35. Ke3 h4 36. gxh4 gxh4 37. Rh2 Kf6 38. f4 exf4+ 39. Kxf4 c5 40. Bf3
b6 41. e5+ Ke7 42. Bd5 h3 43. a4 Rh4+ 44. Kg3 Rd4 45. Rf2 Bxd5 46. cxd5 Rxd5
47. Rf3 Rxe5 48. Kxh3 Rg5 49. Kh4 Rg1 50. Rd3 Ke6 51. Kh3 Rg6 52. Kh4 Ke5 53.
Rd8 Rd6 54. Re8+ Kf4 55. Rf8+ Ke3 0-1

[Event "Malta-Open 2013"]
[Site "Bugibba"]
[Date "2013.11.22"]
[Round "8.5"]
[White "Peek, Marcel"]
[Black "Hajnal, Zoltan"]
[Result "1/2-1/2"]
[WhiteElo "2361"]
[BlackElo "2359"]
[Annotator "chessorg"]
[PlyCount "48"]
[EventDate "2013.??.??"]

1. d4 d5 2. c4 c6 3. Nf3 Nf6 4. Nc3 dxc4 5. a4 Bf5 6. Nh4 e6 7. Nxf5 exf5 8.
Bg5 Bb4 9. e3 h6 10. Bxf6 Qxf6 11. Bxc4 a5 12. O-O O-O 13. Qf3 Nd7 14. Rfd1
Rfd8 15. g3 g6 16. Bb3 Qe7 17. Bc2 Nf6 18. h3 h5 19. h4 Rd7 20. Ne2 Rad8 21.
Nf4 Bd6 22. Nh3 Bb4 23. Nf4 Bd6 24. Nh3 Bb4 1/2-1/2

[Event "Malta-Open 2013"]
[Site "Bugibba"]
[Date "2013.11.22"]
[Round "8.6"]
[White "Ekstroem, Roland"]
[Black "Nuri, Kambez"]
[Result "1-0"]
[WhiteElo "2413"]
[BlackElo "2297"]
[Annotator "chessorg"]
[PlyCount "71"]
[EventDate "2013.??.??"]

1. e4 c5 2. c3 d5 3. exd5 Qxd5 4. d4 Nf6 5. Nf3 g6 6. Qb3 Qxb3 7. axb3 e6 8.
Na3 Bd7 9. Nb5 Bxb5 10. Bxb5+ Nbd7 11. Bg5 Ne4 12. Ne5 Nxg5 13. Nxd7 O-O-O 14.
Nxc5 Bxc5 15. dxc5 a6 16. Be2 Kc7 17. b4 Ne4 18. f3 Nf6 19. Bc4 g5 20. Ke2 g4
21. Rhf1 g3 22. hxg3 Nh5 23. Rfd1 Nxg3+ 24. Kf2 Nf5 25. Bb3 h5 26. Rxd8 Rxd8
27. Rd1 Rxd1 28. Bxd1 h4 29. f4 Ne7 30. Ke3 f5 31. Bf3 b6 32. cxb6+ Kxb6 33.
Be2 Nd5+ 34. Kf3 a5 35. bxa5+ Kxa5 36. Bc4 1-0

[Event "Malta-Open 2013"]
[Site "Bugibba"]
[Date "2013.11.22"]
[Round "8.46"]
[White "Wihlborn, Bengt"]
[Black "Kuckelkorn, Thomas"]
[Result "0-1"]
[WhiteElo "1852"]
[BlackElo "2016"]
[Annotator "chessorg"]
[PlyCount "52"]
[EventDate "2013.??.??"]

1. Nf3 Nf6 2. c4 g6 3. d4 Bg7 4. g3 d6 5. Bg2 O-O 6. O-O Nc6 7. d5 Na5 8. Nfd2
c5 9. Nc3 a6 10. Qc2 Rb8 11. b3 b5 12. Bb2 bxc4 13. bxc4 Bh6 14. f4 Ng4 15. Nd1
e5 16. e3 exf4 17. gxf4 Rxb2 18. Qxb2 Bg7 19. Qc1 Bf5 20. e4 Bd4+ 21. Kh1 Nxh2
22. exf5 Qh4 23. Nf2 Bxf2 24. Rxf2 Nf3+ 25. Bh3 Qxh3+ 26. Rh2 Qxh2# 0-1